US STATES SMALLEST TO LARGEST - Statistics

General Stats
  • This quiz has been taken 39 times
  • The average score is 19 of 50
Answer Stats
sq mi Answer % Correct
1,034 Rhode island
96%
570,641 Alaska
82%
261,914 Texas
75%
155,973 California
71%
145,556 Montana
71%
4,845 Connecticut
68%
6,423 Hawaii
54%
121,365 New Mexico
54%
113,642 Arizona
50%
9,775 Maryland
50%
7,838 Massachusetts
50%
109,806 Nevada
50%
7,419 New Jersey
50%
9,249 Vermont
50%
8,969 New Hampshire
46%
103,730 Colorado
39%
96,003 Oregon
39%
82,168 Utah
39%
24,087 West Virginia
39%
82,751 Idaho
36%
35,870 Indiana
36%
30,111 South Carolina
36%
97,105 Wyoming
36%
57,919 Georgia
32%
55,875 Iowa
32%
30,865 Maine
32%
79,617 Minnesota
32%
40,953 Ohio
32%
50,750 Alabama
29%
55,513 Illinois
29%
39,732 Kentucky
29%
43,566 Louisiana
29%
47,224 New York
29%
68,994 North Dakota
29%
75,898 South Dakota
29%
41,220 Tennessee
29%
66,582 Washington
29%
53,997 Florida
25%
81,823 Kansas
25%
46,914 Mississippi
25%
76,878 Nebraska
25%
48,718 North Carolina
25%
68,679 Oklahoma
25%
44,820 Pennsylvania
25%
39,598 Virginia
25%
54,314 Wisconsin
25%
52,075 Arkansas
21%
56,539 Michigan
21%
1,955 Deleware
14%
68,898 Misouri
7%
No matching quizzes found
Score Distribution
Percent of People with Each Score
Percentile by Number Answered
Your Score History
You have not taken this quiz